later dynasties of egypt : /

محفوظ في:

المؤلف الرئيسي: elgood, percival george

التنسيق: كتاب

اللغة: Undetermined

منشور في: oxford : BLackwell, 1951.

الموضوعات:

الوسوم: إضافة وسم

لا توجد وسوم, كن أول من يضع وسما على هذه التسجيلة!

رقم الطلب: DT83 .E42

LEADER 00531nam a2200145Ia 4500
008 220401s9999||||xx |||||||||||||| ||und||
050 4 |a DT83 .E42 
100 1 |a elgood, percival george 
245 1 0 |a later dynasties of egypt :  |b  /  |c percival george elgood. 
264 1 |a oxford :  |b BLackwell,  |c 1951. 
300 |a 154p. :  |b illus. ;  |c 23cm. 
650 1 4 |a egypt history to 640 ad. 
942 |2 lcc  |c BK 
952 |0 0  |1 0  |2 lcc  |4 0  |6 DT0083 E42  |7 1  |9 39356  |a ARCE  |b ARCE  |d 2022-04-01  |l 0  |o DT83 .E42  |p 1001133  |r 2022-04-01 00:00:00  |w 2022-04-01  |y BK 
999 |c 46937  |d 46937